000 01125 a2200169 4500
003 Nust
005 20230620145159.0
040 _cNust
082 _a310,DIX
100 _aDixon, Wilfred Joseph
_9113168
245 _aIntroduction to statistical analysis /
_bWilfrid J. Dixon & Frank J. Massey.
_cDixon, Wilfred Joseph,
260 _aNew York
_b, McGraw-Hill,
_c 1951.
300 _ax, 370 p. illus.
_b 24 cm.
505 _aIntroduction (Page-1), Distributions (Page-4), Introduction to Measure of Central Value (Page-14), Universes and Sample (Page-30), The Normal Distribution (Page-48), Various Measures of Central Value and Dispersion (Page-70), Statistical Inference (Page-88), The Variance (Page-102), The Mean (Page-112), Analysis of Variance (Page-139), Regression and Correlation (Page-189), Analysis of Covariance (Page-209), Enumeration Statics (Page-221), Probability of Accepting a False Hypothesis (Page-244), Marostatistics (Page-262), Microstatistics (Page-272), Nonparametric Statics (Page-280), Sequential Analysis (Page-304), Probability (Page-328).
650 _astatistical
_9113169
942 _2ddc
_cBKB
999 _c184890
_d184890